000 00225nam a22000857a 4500
999 _c1089
_d1089
003 OSt
005 20170830164722.0
008 160629b xxu||||| |||| 00| 0 eng d
020 _a8183160026
040 _cBOOK
100 _91329
_aHariprasad, M
245 _aCommunicative English
260 _aNEW DELHI
_b Neelkamal
_c2004
942 _2ddc
_cBK